Uplatnenie moderných didaktických prostriedkov pri výučbe predmetu Účtovníctvo poisťovní
Didaktické prostriedky využívané na predmete Účtovníctvo poisťovní. Obsahové zameranie predmetu. Úloha a možnosti využitia didaktických prostriedkov vo vyučovacom procese. Realizácia projektu KEGA "E-learning ako forma univerzitného a celoživotného vzdelávania v oblasti účtovníctva".
Na minha lista:
| Autor principal: | |
|---|---|
| Formato: | Capítulo de Livro |
| Idioma: | eslovaco |
| Assuntos: | |
| Tags: |
Sem tags, seja o primeiro a adicionar uma tag!
|
MARC
| LEADER | 00000naa$a2200000$$$4500 | ||
|---|---|---|---|
| 001 | 0179010 | ||
| 005 | 20240502073036.2 | ||
| 041 | 0 | |a slo | |
| 044 | |a SK | ||
| 245 | 1 | 0 | |a Uplatnenie moderných didaktických prostriedkov pri výučbe predmetu Účtovníctvo poisťovní |c Jitka Meluchová |
| 520 | |a Didaktické prostriedky využívané na predmete Účtovníctvo poisťovní. Obsahové zameranie predmetu. Úloha a možnosti využitia didaktických prostriedkov vo vyučovacom procese. Realizácia projektu KEGA "E-learning ako forma univerzitného a celoživotného vzdelávania v oblasti účtovníctva". | ||
| 610 | 2 | 0 | |a vzdelávanie vysokoškolské |
| 610 | 2 | 0 | |a vzdelávanie elektronické |
| 610 | 2 | 0 | |a vyučovanie |
| 610 | 2 | 0 | |a pomôcky učebné |
| 610 | 2 | 0 | |a didaktika |
| 610 | 2 | 0 | |a predmety učebné |
| 610 | 2 | 0 | |a účtovníctvo |
| 610 | 2 | 0 | |a poisťovne |
| 610 | 2 | 0 | |a projekty |
| 100 | 1 | |a Meluchová, Jitka, 1965- | |